000 01463cam a22002778a 4500
005 20100820095223.0
008 100819s2010 ii b 001 0 eng
010 _aENG-101760
020 _a9788132105077
_c450.
035 _aEN-85293
037 _bDBAD/PUB
040 _adpl
_bEng
082 0 0 _a332.10954
100 1 _aKothari, Rajesh.
_924479
245 1 0 _aFinancial services in India :
_bconcept and application /
_cby Rajesh Kothari
260 _aNew Delhi
_bSAGE Publications
_c2010
270 _aB1/I-1 Mohan Cooperative Industrial Area, Mathura Road
_bNew Delhi
_e110044
300 _axv,331p.
_c24cm (pbk)
500 _aIncludes bibliographical references and index.
505 0 _aIntroduction -- Regulatory framework of financial services in India -- Risk and return in financial services -- Banking services in India -- Insurance services in India -- Capital market services -- Mutual fund -- Leasing and hire-purchase -- Securitization -- Credit rating -- Venture capital -- Factoring services -- Plastic money -- Mergers and acquisitions -- Miscellaneous.
650 0 _aFinancial services industry
_zIndia.
_924480
650 0 _aBanks and banking
_zIndia.
_924481
942 _2ddc
_cEN
_h332.10954
_mKOT
999 _c48577
_d48577